000 01224cam a2200193 4500
001 X121271
008 030207n2002 000 0 eng u
035 _a(Sirsi) u121271
100 _aCoward, I.
245 _aBreakdown on service areas
260 _c2002
490 _aPlanning (for the Natural and Built Environment)
_v(1501) 13 December 2002, 15(1)
520 _aProposes that planning policy in respect of motorway service areas is urgently in need of complete overhaul. Although the highway safety case for providing services should be paramount, motorway service areas (MSAs) need to be located at certain intervals along the strategic road network and are sited almost always in areas of planning restraint. Points out the policy gap between the March 2001 revision of PPG13 on transport's omission of a service area annex until the promised publication of a new MSA circular in 2003. Concludes that MSA policy needs to be brought into line with the approach presented in the planning reform green paper.
650 _aMOTORWAY SERVICE AREAS
650 _aPLANNING REFORM
650 _aPLANNING POLICY GUIDANCE NOTE 13
690 _aENVIRONMENTAL AND LAND CONSULTANCY-PLANNING AND DEVELOPMENT
942 _n0
999 _c72076
_d72076